[Event "Tatry op"]
[Site "Tatranske Zruby"]
[Date "2013.09.30"]
[Round "2"]
[White "Misanek, Andrej"]
[Black "Strnad, Radek"]
[Result "0-1"]
[WhiteElo "1552"]
[BlackElo "1710"]
[PlyCount "88"]
[EventDate "2013.09.29"]
[EventType "swiss"]
[EventRounds "9"]
[EventCountry "SVK"]
[SourceTitle "EXT 2023"]
[Source "ChessBase"]
[SourceDate "2022.10.05"]
[SourceVersion "1"]
[SourceVersionDate "2022.10.05"]
[SourceQuality "1"]

1. d4 Nf6 2. e3 g6 3. Nd2 d6 4. Bc4 Bg7 5. c3 0-0 6. Ngf3 c5 7. Qb3 Nc6 8. Ng5 e6 9. Be2 cxd4 10. exd4 Qc7 11. Qa3 d5 12. f4 Qxf4 13. Ndf3 Qc7 14. Bb5 h6 15. Nh3 Ng4 16. Bxc6 bxc6 17. Bf4 e5 18. Bg3 Ne3 19. Rc1 Nxg2+ 20. Kf2 Bxh3 21. Ng1 Qd7 22. c4 Qf5+ 23. Ke2 Bg4+ 24. Kd2 h5 25. Ne2 Bh6+ 26. Kc3 Bxe2 27. Rhg1 Qd3+ 28. Kb4 Rab8+ 29. Ka4 Qxa3+ 30. Kxa3 Bxc1 31. Rxc1 Bxc4 32. Bxe5 Nh4 33. b3 Bb5 34. Kb2 Rfe8 35. a4 Bd3 36. Bg3 Nf5 37. Be5 Rbc8 38. Kc3 Be4 39. Kb4 c5+ 40. Rxc5 Rxc5 41. Kxc5 Rxe5 42. dxe5 d4 43. Kc4 d3 44. Kc3 Kf8 0-1

[Event "Tatry op"]
[Site "Tatranske Zruby"]
[Date "2012.09.25"]
[Round "4"]
[White "Strnad, Radek"]
[Black "Dziak, Miroslav"]
[Result "1/2-1/2"]
[WhiteElo "1701"]
[BlackElo "1838"]
[PlyCount "64"]
[EventDate "2012.09.23"]
[EventType "swiss"]
[EventRounds "9"]
[EventCountry "SVK"]
[SourceTitle "EXT 2023"]
[Source "ChessBase"]
[SourceDate "2022.10.05"]
[SourceVersion "1"]
[SourceVersionDate "2022.10.05"]
[SourceQuality "1"]

1. d4 Nf6 2. c4 e6 3. Nf3 d5 4. Nc3 c5 5. cxd5 Nxd5 6. e4 Nxc3 7. bxc3 cxd4 8. cxd4 Bb4+ 9. Bd2 Qa5 10. Rc1 0-0 11. Bc4 Bxd2+ 12. Qxd2 Qxd2+ 13. Kxd2 Nc6 14. Rhd1 Na5 15. Ke3 b6 16. Bb5 Bb7 17. Rc7 a6 18. Bd7 Rab8 19. Rdc1 b5 20. Nd2 g6 21. R1c5 Kg7 22. a4 Nc4+ 23. Nxc4 bxc4 24. Rxc4 Ba8 25. g3 Rb3+ 26. Rc3 Rfb8 27. Kd3 Rxc3+ 28. Rxc3 Rb2 29. Ke3 g5 30. Bc6 Bxc6 31. Rxc6 Rb3+ 32. Kd2 Rb4 1/2-1/2

[Event "Brno Trade op"]
[Site "Brno"]
[Date "2011.08.28"]
[Round "9"]
[White "Strnad, Radek"]
[Black "Dvorak, Adam"]
[Result "1/2-1/2"]
[WhiteElo "1744"]
[BlackElo "1924"]
[PlyCount "29"]
[EventDate "2011.08.21"]
[EventType "swiss"]
[EventRounds "9"]
[EventCountry "CZE"]
[SourceTitle "CBM 144 Extra"]
[Source "ChessBase"]
[SourceDate "2011.10.28"]
[SourceVersion "1"]
[SourceVersionDate "2011.10.28"]
[SourceQuality "1"]

1. Nf3 Nf6 2. g3 d5 3. d3 c5 4. Bg2 Nc6 5. Nbd2 e5 6. e4 Bg4 7. 0-0 Be7 8. h3 Bxf3 9. Nxf3 dxe4 10. dxe4 Qxd1 11. Rxd1 0-0 12. Bg5 Rfd8 13. c3 Rxd1+ 14. Rxd1 Rd8 15. Rxd8+ 1/2-1/2

[Event "Brno Trade op"]
[Site "Brno"]
[Date "2011.08.24"]
[Round "5"]
[White "Glacner, Karel"]
[Black "Strnad, Radek"]
[Result "1-0"]
[WhiteElo "1729"]
[BlackElo "1744"]
[PlyCount "119"]
[EventDate "2011.08.21"]
[EventType "swiss"]
[EventRounds "9"]
[EventCountry "CZE"]
[SourceTitle "CBM 144 Extra"]
[Source "ChessBase"]
[SourceDate "2011.10.28"]
[SourceVersion "1"]
[SourceVersionDate "2011.10.28"]
[SourceQuality "1"]

1. d4 Nf6 2. c4 c5 3. Bg5 e6 4. d5 d6 5. Nc3 Be7 6. e3 exd5 7. Bxf6 Bxf6 8. cxd5 0-0 9. Bd3 Qa5 10. Nge2 Nd7 11. f4 Nb6 12. 0-0 Bg4 13. Qc2 Bxe2 14. Bxh7+ Kh8 15. Nxe2 g6 16. Bxg6 fxg6 17. Qxg6 Bg7 18. Rf3 Rf6 19. Rh3+ Kg8 20. Qe4 Qd2 21. Qh7+ Kf7 22. Qh5+ Ke7 23. e4 Qxb2 24. Rf1 Raf8 25. Rb3 Qxa2 26. Rfb1 Qc2 27. Qf3 Rg6 28. Rc1 Qd2 29. Rd3 Qb2 30. Rcd1 Rg8 31. e5 Bxe5 32. g3 Bd4+ 33. Nxd4 cxd4 34. Qe4+ Kd7 35. Qf5+ Kc7 36. R3d2 Qb3 37. Rd3 Qxd5 38. Rc1+ Kb8 39. Qxd5 Nxd5 40. Rxd4 Nb6 41. Kg2 Re6 42. Rc2 Rc8 43. Rxc8+ Kxc8 44. h4 a5 45. Kf3 a4 46. f5 Re5 47. g4 Kd7 48. h5 a3 49. Rd1 Ke7 50. Kf4 a2 51. h6 Nd5+ 52. Kg5 Nf6 53. Kg6 Ra5 54. Ra1 Ra8 55. Re1+ Kf8 56. Ra1 Nxg4 57. h7 Ne5+ 58. Kf6 Nf7 59. Ke6 b5 60. Rg1 1-0

[Event "Brno Duras op-A"]
[Site "Brno"]
[Date "2010.07.04"]
[Round "9"]
[White "Svizensky, Lubos"]
[Black "Strnad, Radek"]
[Result "0-1"]
[WhiteElo "1950"]
[BlackElo "1724"]
[PlyCount "36"]
[EventDate "2010.06.27"]
[EventType "swiss"]
[EventRounds "9"]
[EventCountry "CZE"]
[SourceTitle "CBM 137 Extra"]
[Source "ChessBase"]
[SourceDate "2010.09.01"]
[SourceVersion "1"]
[SourceVersionDate "2010.09.01"]
[SourceQuality "1"]

1. d4 Nf6 2. c4 g6 3. f3 Bg7 4. e4 d6 5. Nc3 c5 6. Nge2 0-0 7. Be3 Qb6 8. Qd2 Nc6 9. g4 Nxg4 10. fxg4 cxd4 11. Nxd4 Bxd4 12. Bh6 Bg7 13. Be3 Ne5 14. 0-0-0 Qc6 15. Nd5 Re8 16. b3 Bxg4 17. Be2 Bxe2 18. Qxe2 b5 0-1

[Event "Brno Duras op-A"]
[Site "Brno"]
[Date "2010.07.03"]
[Round "7"]
[White "Martisek, Karel"]
[Black "Strnad, Radek"]
[Result "1-0"]
[WhiteElo "1903"]
[BlackElo "1724"]
[PlyCount "63"]
[EventDate "2010.06.27"]
[EventType "swiss"]
[EventRounds "9"]
[EventCountry "CZE"]
[SourceTitle "CBM 137 Extra"]
[Source "ChessBase"]
[SourceDate "2010.09.01"]
[SourceVersion "1"]
[SourceVersionDate "2010.09.01"]
[SourceQuality "1"]

1. f4 d5 2. Nf3 c5 3. e3 Nf6 4. Be2 g6 5. 0-0 Bg7 6. c3 Nc6 7. Bb5 0-0 8. Bxc6 bxc6 9. d3 Bf5 10. Ne5 Qc7 11. Qe2 Rab8 12. Nd2 Bc8 13. Rd1 Nd7 14. Ndf3 f6 15. Nxd7 Bxd7 16. e4 e5 17. fxe5 fxe5 18. Rb1 Rbd8 19. Bg5 Rde8 20. Rf1 Bc8 21. Be3 Qa5 22. b4 cxb4 23. cxb4 Qb5 24. Bc5 dxe4 25. Qxe4 Bf5 26. Qh4 Qxd3 27. Rbd1 Qe2 28. Rfe1 Qxa2 29. Ra1 Qc2 30. Rxa7 h6 31. Bxf8 Rxf8 32. Qe7 1-0

[Event "Brno Duras op-A"]
[Site "Brno"]
[Date "2010.06.30"]
[Round "4"]
[White "Strnad, Radek"]
[Black "Zitny, Petr"]
[Result "0-1"]
[WhiteElo "1724"]
[BlackElo "1835"]
[PlyCount "36"]
[EventDate "2010.06.27"]
[EventType "swiss"]
[EventRounds "9"]
[EventCountry "CZE"]
[SourceTitle "CBM 137 Extra"]
[Source "ChessBase"]
[SourceDate "2010.09.01"]
[SourceVersion "1"]
[SourceVersionDate "2010.09.01"]
[SourceQuality "1"]

1. d4 Nf6 2. c4 c5 3. Nf3 cxd4 4. Nxd4 e5 5. Nb5 d5 6. cxd5 Qa5+ 7. N5c3 Bb4 8. Bd2 Bf5 9. g3 Ne4 10. Bg2 Nxd2 11. Nxd2 0-0 12. Qb3 Na6 13. a3 Rac8 14. Nc4 Rxc4 15. Qxc4 Rc8 16. Qb3 Bxc3+ 17. bxc3 Rxc3 18. Qd1 Rxa3+ 0-1

[Event "Brno Duras op-A"]
[Site "Brno"]
[Date "2010.06.28"]
[Round "2"]
[White "Strnad, Radek"]
[Black "Mlynek, Petr"]
[Result "0-1"]
[WhiteElo "1724"]
[BlackElo "2151"]
[PlyCount "56"]
[EventDate "2010.06.27"]
[EventType "swiss"]
[EventRounds "9"]
[EventCountry "CZE"]
[SourceTitle "CBM 137 Extra"]
[Source "ChessBase"]
[SourceDate "2010.09.01"]
[SourceVersion "1"]
[SourceVersionDate "2010.09.01"]
[SourceQuality "1"]

1. d4 d5 2. c4 c6 3. Nf3 e6 4. e3 Nf6 5. Nc3 Nbd7 6. Qc2 a6 7. b3 b5 8. Be2 Bb7 9. 0-0 Bd6 10. e4 dxe4 11. Nxe4 Nxe4 12. Qxe4 Nf6 13. Qh4 bxc4 14. bxc4 c5 15. Be3 Qc7 16. Rab1 Be4 17. Rb2 Bg6 18. dxc5 Bxc5 19. Bxc5 Qxc5 20. Qg3 0-0 21. Nh4 Be4 22. Qf4 Rac8 23. Rd1 h6 24. Qd6 Qa5 25. Qd2 Qe5 26. Rb6 Rc6 27. Rxc6 Bxc6 28. Qd6 Qxe2 0-1

[Event "Brno Duras op-A"]
[Site "Brno"]
[Date "2009.07.05"]
[Round "9"]
[White "Strnad, Radek"]
[Black "Strnad, Ondrej"]
[Result "1/2-1/2"]
[WhiteElo "1715"]
[BlackElo "1761"]
[PlyCount "37"]
[EventDate "2009.06.26"]
[EventType "swiss"]
[EventRounds "9"]
[EventCountry "CZE"]
[SourceTitle "CBM 131 Extra"]
[Source "ChessBase"]
[SourceDate "2009.09.03"]
[SourceVersion "2"]
[SourceVersionDate "2009.09.16"]
[SourceQuality "1"]

1. d4 Nf6 2. c4 g6 3. Nc3 d5 4. cxd5 Nxd5 5. e4 Nxc3 6. bxc3 Bg7 7. Bc4 c5 8. Ne2 0-0 9. 0-0 Nc6 10. Be3 Bg4 11. f3 cxd4 12. cxd4 Na5 13. Bxf7+ Rxf7 14. fxg4 Rxf1+ 15. Qxf1 Nc4 16. Qf2 Nxe3 17. Qxe3 Rc8 18. Rb1 b6 19. Rb2 1/2-1/2

[Event "Brno Duras op-A"]
[Site "Brno"]
[Date "2009.07.04"]
[Round "8"]
[White "Kukla, Tomas"]
[Black "Strnad, Radek"]
[Result "1-0"]
[WhiteElo "1851"]
[BlackElo "1715"]
[PlyCount "45"]
[EventDate "2009.06.26"]
[EventType "swiss"]
[EventRounds "9"]
[EventCountry "CZE"]
[SourceTitle "CBM 131 Extra"]
[Source "ChessBase"]
[SourceDate "2009.09.03"]
[SourceVersion "2"]
[SourceVersionDate "2009.09.16"]
[SourceQuality "1"]

1. e4 c5 2. Nf3 Nc6 3. d4 cxd4 4. Nxd4 g6 5. c4 Nf6 6. Nc3 Nxd4 7. Qxd4 Bg7 8. e5 Ng8 9. Bf4 d6 10. Qe3 dxe5 11. Bxe5 Nf6 12. Be2 0-0 13. 0-0 Ng4 14. Bxg4 Bxe5 15. Qxe5 Bxg4 16. Nd5 Be6 17. Nc7 Rc8 18. Nxe6 fxe6 19. Qxe6+ Rf7 20. Rad1 Qc7 21. Rd7 Qxc4 22. Rd8+ Kg7 23. Qxc8 1-0

[Event "Brno Duras op-A"]
[Site "Brno"]
[Date "2009.07.03"]
[Round "7"]
[White "Strnad, Radek"]
[Black "Zikan, Karel"]
[Result "1-0"]
[WhiteElo "1715"]
[BlackElo "1816"]
[PlyCount "41"]
[EventDate "2009.06.26"]
[EventType "swiss"]
[EventRounds "9"]
[EventCountry "CZE"]
[SourceTitle "CBM 131 Extra"]
[Source "ChessBase"]
[SourceDate "2009.09.03"]
[SourceVersion "2"]
[SourceVersionDate "2009.09.16"]
[SourceQuality "1"]

1. d4 Nf6 2. c4 e6 3. a3 d5 4. Nc3 b6 5. Nf3 Bb7 6. Qc2 Nbd7 7. Bf4 Rc8 8. e3 dxc4 9. Bxc4 Be7 10. e4 0-0 11. 0-0 c5 12. d5 exd5 13. exd5 Re8 14. Ng5 h6 15. Nxf7 Kxf7 16. d6+ Kf8 17. Qg6 Nd5 18. Nxd5 b5 19. dxe7+ Rxe7 20. Nxe7 bxc4 21. Bd6 1-0